Cargando...
Economics of undevelopment countries
| Autor principal: | |
|---|---|
| Formato: | Printed Book |
| Lenguaje: | Undetermined English |
| Publicado: |
London
World University Library
|
| Materias: |
| LEADER | 00568nam a2200181Ia 4500 | ||
|---|---|---|---|
| 008 | 140306s9999 xx 000 0 und d | ||
| 041 | |a eng | ||
| 082 | |a 330 |b JAG/EC | ||
| 100 | |a JAgadish Bhagwati | ||
| 245 | |a Economics of undevelopment countries | ||
| 260 | |a London |b World University Library | ||
| 300 | |a 255 | ||
| 650 | |a Income | ||
| 650 | |a Manpower | ||
| 650 | |a Voluntary labour | ||
| 942 | |2 ddc |c BK | ||
| 999 | |c 119638 |d 119638 | ||
| 952 | |0 0 |1 0 |2 ddc |4 0 |6 330_000000000000000_JAGEC |7 0 |9 118796 |a KAUHCV |b KAUHCV |d 2004-05-05 |o 330 JAG/EC |p KAU_HCV-5896 |r 2014-03-22 |w 2014-03-22 |y BK | ||